Kane (WWE) trivia - Statistics

General Stats
  • This quiz has been taken 480 times
  • The average score is 14 of 24
Answer Stats
Hint Answer % Correct
Who is Kane's brother? The Undertaker
92%
What is Kane's real name? Glenn Jacobs
86%
Who is Kane's father? Paul Bearer
78%
What kind of match was it? Hell in a Cell
75%
How many competitors did Kane eliminate from the 2001 Royal Rumble match, setting a record which stood until 2014? 11
71%
In 1996, he briefly portrayed a fake version of which wrestler who had left the WWF? Diesel
71%
What tag team did Kane form with Daniel Bryan? Team Hell No
71%
Who carried Kane's child in 2004, until an accident caused her to have a miscarriage? Lita
70%
Who did Kane defeat to become WWF Champion in 1998? Steve Austin
70%
Kane was forced to remove his mask after losing a World Heavyweight Championship match against which opponent? Triple H
67%
What year did Kane win a Money in the Bank briefcase, allowing him a title shot whenever he chose? 2010
65%
Who did he cash in his briefcase against, in order to win the World Heavyweight Championship? Rey Mysterio
60%
After being kicked out of the Corporation, who did Kane form a tag team with? X-Pac
55%
In 2012, who did Kane push off the Raw stage in a wheelchair? Zack Ryder
53%
What was the name of the dentist character he portrayed before he was Kane? Isaac Yankem
52%
In 2018, he was elected mayor of which Tennessee County? Knox
51%
Kane debuted by interfering in a match to attack his brother at which pay-per-view? Badd Blood: In Your House
49%
Who caused that accident, even though he insisted it wasn't his fault? Gene Snitsky
43%
In one of WWE's most tasteless stories ever, Triple H accused Kane of necrophilia with which woman? Katie Vick
42%
In what 2006 horror film did Kane portray the killer Jacob Goodnight? See No Evil
40%
Who did Kane defeat in a mask vs. mask match in 1998? Vader
37%
Kane was forced to defend his tag team championships in a TLC match by himself when which partner became injured? The Hurricane
31%
In 2002, Kane appeared on (and won) a special WWE-themed episode of which game show? The Weakest Link
30%
When he joined the Authority in 2014, what was Kane's job title? Director of Operations
19%
No matching quizzes found
Score Distribution
Percent of People with Each Score
Percentile by Number Answered
Your Score History
You have not taken this quiz